[Event "Kuala Lumpur op 8th"]
[Site "Kuala Lumpur"]
[Date "2011.08.22"]
[Round "6"]
[White "Pitra, Andika"]
[Black "Singh, Gurpreetpal"]
[Result "1-0"]
[WhiteElo "2303"]
[BlackElo "2295"]
[PlyCount "77"]
[EventDate "2011.08.18"]
[EventType "swiss"]
[EventRounds "9"]
[EventCountry "MAS"]
[SourceTitle "CBM 144 Extra"]
[Source "ChessBase"]
[SourceDate "2011.10.28"]
[SourceVersion "1"]
[SourceVersionDate "2011.10.28"]
[SourceQuality "1"]

1. e4 e6 2. d4 d5 3. Nd2 Nc6 4. Ngf3 Nf6 5. e5 Nd7 6. Bb5 a6 7. Bxc6 bxc6 8. c3 c5 9. 0-0 Be7 10. Nb3 a5 11. Be3 c4 12. Nc5 0-0 13. Nxd7 Bxd7 14. Qd2 Rb8 15. Bg5 f6 16. exf6 gxf6 17. Bh6 Rf7 18. Rae1 Kh8 19. Nh4 Qg8 20. f4 Qg4 21. f5 exf5 22. g3 Rg8 23. Kh1 Qh5 24. Bf4 Bd8 25. Rf2 Rff8 26. Bh6 Re8 27. Ref1 c6 28. Nxf5 Rg6 29. Be3 Bc7 30. Nh4 Rxg3 31. hxg3 Bxg3 32. Rf4 Bg4 33. Rxf6 Qxh4+ 34. Kg1 Bd6 35. Bg5 Qg3+ 36. Qg2 Qxg2+ 37. Kxg2 Be7 38. Re1 Bd7 39. Rxe7 1-0

[Event "Kuala Lumpur op 8th"]
[Site "Kuala Lumpur"]
[Date "2011.08.18"]
[Round "2"]
[White "Singh, Gurpreetpal"]
[Black "Lane, Gary William"]
[Result "1-0"]
[WhiteElo "2295"]
[BlackElo "2369"]
[PlyCount "85"]
[EventDate "2011.08.18"]
[EventType "swiss"]
[EventRounds "9"]
[EventCountry "MAS"]
[SourceTitle "CBM 144 Extra"]
[Source "ChessBase"]
[SourceDate "2011.10.28"]
[SourceVersion "1"]
[SourceVersionDate "2011.10.28"]
[SourceQuality "1"]

1. e4 e5 2. Nf3 Nc6 3. Bb5 a6 4. Ba4 Nf6 5. 0-0 b5 6. Bb3 Bc5 7. Nxe5 Nxe5 8. d4 Bxd4 9. Qxd4 d6 10. c3 c5 11. Qe3 0-0 12. Nd2 Re8 13. Bc2 Bb7 14. Qh3 c4 15. Re1 Ng6 16. Qg3 Qb6 17. Kf1 Re6 18. b3 cxb3 19. axb3 Rae8 20. Ba3 a5 21. Rad1 d5 22. exd5 Bxd5 23. Bf5 Nh5 24. Qg4 Nf6 25. Qg3 Nh5 26. Qg4 Nhf4 27. Bxe6 Bxg2+ 28. Kg1 fxe6 29. Ne4 h5 30. Qg3 h4 31. Qe3 Qxe3 32. Rxe3 h3 33. f3 Rc8 34. Ng5 Nd5 35. Rxe6 Ngf4 36. Rd6 Ne2+ 37. Kf2 Nexc3 38. R1xd5 Nxd5 39. Rxd5 b4 40. Bb2 Kf8 41. Be5 Rc2+ 42. Kg3 Ra2 43. Rd7 1-0

[Event "Thailand op 11th"]
[Site "Pattaya"]
[Date "2011.04.13"]
[Round "4"]
[White "Bakre, Tejas"]
[Black "Singh, Gurpreetpal"]
[Result "1-0"]
[WhiteElo "2530"]
[BlackElo "2295"]
[PlyCount "55"]
[EventDate "2011.04.11"]
[EventType "swiss"]
[EventRounds "9"]
[EventCountry "THA"]
[SourceTitle "CBM 141 Extra"]
[Source "ChessBase"]
[SourceDate "2011.05.03"]
[SourceVersion "1"]
[SourceVersionDate "2011.05.03"]
[SourceQuality "1"]

1. c4 g6 2. Nc3 Bg7 3. g3 d6 4. Bg2 e5 5. e4 Nf6 6. Nge2 0-0 7. 0-0 a6 8. d4 exd4 9. Nxd4 Nbd7 10. h3 Re8 11. Re1 Ne5 12. b3 Rb8 13. Bb2 c5 14. Nc2 b5 15. f4 Nxc4 16. bxc4 bxc4 17. Bc1 Nh5 18. Re3 Qa5 19. Bd2 Bd4 20. Nd5 Bxe3+ 21. Ncxe3 Qd8 22. Bc3 Kf8 23. g4 Ng7 24. Nf6 Re7 25. Nxh7+ Kg8 26. Nf6+ Kf8 27. Ned5 Reb7 28. Qe1 1-0

[Event "Thailand op 11th"]
[Site "Pattaya"]
[Date "2011.04.12"]
[Round "2"]
[White "Drummond, Matthew"]
[Black "Singh, Gurpreetpal"]
[Result "0-1"]
[WhiteElo "2240"]
[BlackElo "2295"]
[PlyCount "40"]
[EventDate "2011.04.11"]
[EventType "swiss"]
[EventRounds "9"]
[EventCountry "THA"]
[SourceTitle "CBM 141 Extra"]
[Source "ChessBase"]
[SourceDate "2011.05.03"]
[SourceVersion "1"]
[SourceVersionDate "2011.05.03"]
[SourceQuality "1"]

1. d4 Nf6 2. Nf3 e6 3. g3 d5 4. c4 dxc4 5. Bg2 Nc6 6. 0-0 Rb8 7. Qc2 b5 8. b3 Nb4 9. Qb2 cxb3 10. Qxb3 Nc6 11. Rd1 Be7 12. Ba3 0-0 13. Nbd2 Bb7 14. Bxe7 Nxe7 15. Rac1 Qd6 16. Qc3 Nfd5 17. Qa5 Qb6 18. Nb3 b4 19. Rd2 Nc3 20. Qg5 f6 0-1

[Event "Commonwealth-ch"]
[Site "New Delhi"]
[Date "2010.05.11"]
[Round "3"]
[White "Dzhumaev, Marat"]
[Black "Singh, Gurpreetpal"]
[Result "1-0"]
[WhiteElo "2495"]
[BlackElo "2287"]
[PlyCount "61"]
[EventDate "2010.05.10"]
[EventType "swiss"]
[EventRounds "11"]
[EventCountry "IND"]
[SourceTitle "CBM 136 Extra"]
[Source "ChessBase"]
[SourceDate "2010.07.02"]
[SourceVersion "2"]
[SourceVersionDate "2010.07.15"]
[SourceQuality "1"]

1. e4 e6 2. d4 d5 3. Nc3 Nc6 4. Nge2 dxe4 5. Nxe4 Nf6 6. Bg5 Be7 7. Bxf6 gxf6 8. Qd2 b6 9. g3 Bb7 10. Bg2 Qd7 11. 0-0 0-0-0 12. Rad1 h5 13. h4 Rdg8 14. N4c3 f5 15. Qe3 Nb4 16. Bxb7+ Kxb7 17. d5 Nxd5 18. Nxd5 exd5 19. Qf3 c6 20. c4 Bxh4 21. cxd5 c5 22. b4 Bd8 23. Rb1 cxb4 24. Nd4 Qd6 25. Nxf5 Qf6 26. Rfc1 Rg5 27. d6+ Kb8 28. d7 Bc7 29. Rxc7 Kxc7 30. Rc1+ Kxd7 31. Qd5+ 1-0

[Event "Amsterdam Euwe Challenge"]
[Site "Amsterdam"]
[Date "2010.02.28"]
[Round "9"]
[White "Singh, Gurpreetpal"]
[Black "Schut, Lisa"]
[Result "1-0"]
[WhiteElo "2303"]
[BlackElo "2219"]
[PlyCount "51"]
[EventDate "2010.02.19"]
[EventType "tourn"]
[EventRounds "9"]
[EventCountry "NED"]
[EventCategory "4"]
[SourceTitle "CBM 135 Extra"]
[Source "ChessBase"]
[SourceDate "2010.05.04"]
[SourceVersion "1"]
[SourceVersionDate "2010.05.04"]
[SourceQuality "1"]

1. e4 c5 2. Nc3 Nc6 3. Nf3 e5 4. Bc4 d6 5. d3 Be7 6. 0-0 Be6 7. Nd5 Qd7 8. a3 Nf6 9. Ng5 Bxd5 10. exd5 Nd4 11. f4 h6 12. Nxf7 Kxf7 13. fxe5 dxe5 14. d6+ Ne6 15. dxe7 b5 16. Ba2 Kxe7 17. Be3 Rac8 18. a4 a6 19. axb5 axb5 20. Bxe6 Kxe6 21. Qf3 Rhd8 22. Ra6+ Kf7 23. Bxh6 Kg8 24. Bxg7 Qxg7 25. Rxf6 c4 26. Qf5 1-0

[Event "Amsterdam Euwe Challenge"]
[Site "Amsterdam"]
[Date "2010.02.27"]
[Round "8"]
[White "Bezemer, Arno J"]
[Black "Singh, Gurpreetpal"]
[Result "1/2-1/2"]
[WhiteElo "2343"]
[BlackElo "2303"]
[PlyCount "131"]
[EventDate "2010.02.19"]
[EventType "tourn"]
[EventRounds "9"]
[EventCountry "NED"]
[EventCategory "4"]
[SourceTitle "CBM 135 Extra"]
[Source "ChessBase"]
[SourceDate "2010.05.04"]
[SourceVersion "1"]
[SourceVersionDate "2010.05.04"]
[SourceQuality "1"]

1. e4 e6 2. d4 d5 3. Nd2 Nf6 4. e5 Nfd7 5. Bd3 c5 6. c3 Nc6 7. Ngf3 g6 8. h4 Be7 9. Nf1 cxd4 10. cxd4 Qb6 11. Bc2 Bb4+ 12. Ke2 f6 13. exf6 Nxf6 14. h5 gxh5 15. Ng3 e5 16. dxe5 Ng4 17. Rf1 Ngxe5 18. Qxd5 Bg4 19. Be3 Qa6+ 20. Bd3 Nxd3 21. Qxd3 h4 22. Qxa6 bxa6 23. Ne4 0-0 24. Rac1 Ne5 25. Bd4 Nxf3 26. gxf3 Bxf3+ 27. Ke3 Bxe4 28. Kxe4 Rae8+ 29. Kd3 Rf3+ 30. Kc4 Ba5 31. Rg1+ Kf8 32. Rcd1 Bb6 33. Bc3 Rc8+ 34. Kb3 Rd8 35. Rc1 Ba5 36. Rg4 Bxc3 37. bxc3 Rb8+ 38. Kc4 Rb7 39. Rxh4 Rxf2 40. a4 Rbf7 41. Rch1 Kg8 42. Rg1+ Kh8 43. Rg3 R2f6 44. Kd5 Rf5+ 45. Kd4 Rd7+ 46. Kc4 Rc7+ 47. Kb3 a5 48. Rd4 h5 49. c4 Rg7 50. Rh3 Rb7+ 51. Kc3 Rc7 52. Kd3 Rb7 53. Kc3 Rc7 54. Kd3 Kg8 55. Rd5 Rc5 56. Kd4 Rcxd5+ 57. cxd5 Kf8 58. Kc5 Ke8 59. Kc6 Rf6+ 60. d6 Rf1 61. Rxh5 Rc1+ 62. Kb5 Rd1 63. Rh8+ Kd7 64. Kxa5 Rxd6 65. Rh7+ Kc8 66. Rxa7 1/2-1/2

[Event "Amsterdam Euwe Challenge"]
[Site "Amsterdam"]
[Date "2010.02.22"]
[Round "4"]
[White "Singh, Gurpreetpal"]
[Black "Vedder, Henk"]
[Result "1-0"]
[WhiteElo "2303"]
[BlackElo "2377"]
[PlyCount "70"]
[EventDate "2010.02.19"]
[EventType "tourn"]
[EventRounds "9"]
[EventCountry "NED"]
[EventCategory "4"]
[SourceTitle "CBM 135 Extra"]
[Source "ChessBase"]
[SourceDate "2010.05.04"]
[SourceVersion "1"]
[SourceVersionDate "2010.05.04"]
[SourceQuality "1"]

1. e4 e6 2. d4 d5 3. Nc3 Nf6 4. Bg5 dxe4 5. Nxe4 Nbd7 6. Nf3 h6 7. Nxf6+ Nxf6 8. Be3 Nd5 9. Bd3 c5 10. 0-0 Bd6 11. dxc5 Nxe3 12. fxe3 Bxc5 13. Ne5 0-0 14. Nxf7 Qd5 15. Bg6 Bd7 16. Kh1 Bb5 17. c4 Qxd1 18. Rfxd1 Be8 19. Ne5 Bxg6 20. Nxg6 Rf6 21. Ne5 Rf5 22. Nf3 Bxe3 23. Re1 Bc5 24. Rxe6 Rd8 25. Rae1 Kh7 26. h3 Bb4 27. Rc1 Rd3 28. Kg1 Bc5+ 29. Kf1 Bd4 30. Ke2 Rdxf3 31. gxf3 Rh5 32. b3 Rxh3 33. Re7 Rg3 34. Rxb7 Bc5 35. b4 Rg2+ 1-0

[Event "Mumbai Mayors Cup 2nd"]
[Site "Mumbai"]
[Date "2009.05.07"]
[Round "8"]
[White "Singh, Gurpreetpal"]
[Black "Neelotpal, Das"]
[Result "1/2-1/2"]
[WhiteElo "2268"]
[BlackElo "2514"]
[PlyCount "110"]
[EventDate "2009.05.01"]
[EventType "swiss"]
[EventRounds "11"]
[EventCountry "IND"]
[SourceTitle "CBM 130 Extra"]
[Source "ChessBase"]
[SourceDate "2009.07.02"]
[SourceVersion "2"]
[SourceVersionDate "2009.07.15"]
[SourceQuality "1"]

1. e4 c5 2. Nf3 e6 3. d4 cxd4 4. Nxd4 Nc6 5. Nc3 d6 6. g4 a6 7. Be3 Nge7 8. Nb3 b5 9. f4 Bb7 10. Qd2 Na5 11. Nxa5 Qxa5 12. Bg2 b4 13. Ne2 d5 14. e5 Nc6 15. Nd4 Nxd4 16. Bxd4 Rc8 17. 0-0 Rc4 18. Rf2 h5 19. g5 g6 20. Bf1 Rxd4 21. Qxd4 Bc5 22. Qd2 Qb6 23. Re1 Ke7 24. Bd3 a5 25. Kf1 Bxf2 26. Qxf2 d4 27. Rd1 Rc8 28. Ke1 Qc5 29. Kf1 Bd5 30. Kg1 Bxa2 31. b3 Qc3 32. Be4 Rd8 33. Kg2 Kf8 34. Qd2 Qb2 35. Bd3 Rc8 36. Be4 Bb1 37. Qc1 Rxc2+ 38. Bxc2 Qxc2+ 39. Kf1 Qxh2 40. Qxb1 Qxf4+ 41. Kg1 Qxg5+ 42. Kh1 Qh4+ 43. Kg1 Qg3+ 44. Kh1 Qf3+ 45. Kg1 Qe3+ 46. Kh1 Qxe5 47. Qd3 Qd5+ 48. Kg1 e5 49. Re1 Qe6 50. Qf3 Kg7 51. Qe4 Qxb3 52. Qxe5+ Kh7 53. Qxd4 Qg3+ 54. Kf1 Qf3+ 55. Kg1 Qg3+ 1/2-1/2

[Event "Mumbai Mayors Cup 2nd"]
[Site "Mumbai"]
[Date "2009.05.06"]
[Round "7"]
[White "Harika, Dronavalli"]
[Black "Singh, Gurpreetpal"]
[Result "1/2-1/2"]
[WhiteElo "2474"]
[BlackElo "2268"]
[PlyCount "86"]
[EventDate "2009.05.01"]
[EventType "swiss"]
[EventRounds "11"]
[EventCountry "IND"]
[SourceTitle "CBM 130 Extra"]
[Source "ChessBase"]
[SourceDate "2009.07.02"]
[SourceVersion "2"]
[SourceVersionDate "2009.07.15"]
[SourceQuality "1"]

1. Nf3 c5 2. c4 Nc6 3. d4 cxd4 4. Nxd4 g6 5. e4 Bg7 6. Be3 Nf6 7. Nc3 d6 8. Be2 0-0 9. 0-0 Bd7 10. Rc1 Nxd4 11. Bxd4 Bc6 12. f3 a5 13. b3 Nd7 14. Be3 Nc5 15. Qd2 Qb6 16. Rc2 Rfc8 17. Rb1 h5 18. Kh1 Qd8 19. a3 Kh7 20. b4 axb4 21. axb4 Na4 22. Nxa4 Rxa4 23. b5 Be8 24. f4 Qa5 25. Kg1 Qxd2 26. Rxd2 Bc3 27. Rdd1 f6 28. Rbc1 Bb4 29. Ra1 Rxa1 30. Rxa1 e5 31. fxe5 fxe5 32. Ra7 Rb8 33. Ra4 Bc5 34. Kf2 Bd7 35. Bxc5 dxc5 36. Ke3 Kg7 37. Ra7 Kf6 38. Bd1 Ke7 39. Ba4 Kd6 40. Bc2 Be6 41. Bd3 Kc7 42. Ra1 Rf8 43. Be2 Rf7 1/2-1/2

[Event "Mumbai Mayors Cup 2nd"]
[Site "Mumbai"]
[Date "2009.05.03"]
[Round "3"]
[White "Gupta, Abhijeet"]
[Black "Singh, Gurpreetpal"]
[Result "1-0"]
[WhiteElo "2570"]
[BlackElo "2268"]
[PlyCount "39"]
[EventDate "2009.05.01"]
[EventType "swiss"]
[EventRounds "11"]
[EventCountry "IND"]
[SourceTitle "CBM 130 Extra"]
[Source "ChessBase"]
[SourceDate "2009.07.02"]
[SourceVersion "2"]
[SourceVersionDate "2009.07.15"]
[SourceQuality "1"]

1. d4 Nf6 2. c4 g6 3. Nc3 Bg7 4. e4 d6 5. Nf3 0-0 6. Be2 e5 7. Be3 Ng4 8. Bg5 f6 9. Bh4 Qe8 10. 0-0 h5 11. h3 Nh6 12. c5 Na6 13. Qb3+ Kh7 14. Nd5 Rf7 15. cxd6 cxd6 16. Rac1 Be6 17. Bb5 Qg8 18. Bc4 Re8 19. Nxf6+ Rxf6 20. Bxf6 1-0

[Event "Mumbai Mayors Cup 1st"]
[Site "Mumbai"]
[Date "2008.05.15"]
[Round "6"]
[White "Singh, Gurpreetpal"]
[Black "Lahiri, Atanu"]
[Result "1/2-1/2"]
[WhiteElo "2232"]
[BlackElo "2309"]
[PlyCount "92"]
[EventDate "2008.05.11"]
[EventType "swiss"]
[EventRounds "11"]
[EventCountry "IND"]
[SourceTitle "CBM 124 Extra"]
[Source "ChessBase"]
[SourceDate "2008.07.03"]
[SourceVersion "1"]
[SourceVersionDate "2008.07.03"]
[SourceQuality "1"]

1. e4 e6 2. d4 d5 3. Nc3 Nc6 4. Nf3 Nf6 5. Bg5 Be7 6. Bxf6 Bxf6 7. e5 Be7 8. Qd2 b6 9. h4 Bb7 10. Rh3 Qd7 11. Rg3 Bf8 12. 0-0-0 0-0-0 13. Qf4 f5 14. h5 Kb8 15. Kb1 Ka8 16. Qe3 Na5 17. Ne2 c5 18. Nf4 c4 19. Ng5 Re8 20. Be2 Nc6 21. Rg1 Nxd4 22. Qxd4 Bc5 23. Qc3 Bxf2 24. Rd1 Bxg3 25. Qxg3 b5 26. Bf3 h6 27. Ngxe6 Rxe6 28. Nxe6 Qxe6 29. Qxg7 Re8 30. Qxb7+ Kxb7 31. Bxd5+ Kb6 32. Bxe6 Rxe6 33. a4 a6 34. Rd8 Kc5 35. Rf8 Rxe5 36. Rf6 b4 37. Rxa6 Re1+ 38. Ka2 Re2 39. Ra5+ Kd4 40. Rb5 b3+ 41. cxb3 c3 42. Kb1 Rxb2+ 43. Kc1 f4 44. Rb4+ Ke3 45. Rc4 Rxb3 46. Rc6 Ra3 1/2-1/2

[Event "Mumbai Mayors Cup 1st"]
[Site "Mumbai"]
[Date "2008.05.12"]
[Round "3"]
[White "Venkatesh, Marani Rajendran"]
[Black "Singh, Gurpreetpal"]
[Result "1-0"]
[WhiteElo "2450"]
[BlackElo "2232"]
[PlyCount "115"]
[EventDate "2008.05.11"]
[EventType "swiss"]
[EventRounds "11"]
[EventCountry "IND"]
[SourceTitle "CBM 124 Extra"]
[Source "ChessBase"]
[SourceDate "2008.07.03"]
[SourceVersion "1"]
[SourceVersionDate "2008.07.03"]
[SourceQuality "1"]

1. e4 e6 2. d4 d5 3. Nd2 Nc6 4. Ngf3 Nf6 5. e5 Nd7 6. c3 f6 7. exf6 Qxf6 8. Bb5 Bd6 9. Nf1 Nb6 10. Ng3 h6 11. 0-0 Bd7 12. Qe2 0-0-0 13. Re1 Rde8 14. a4 Na5 15. Ne5 Bxe5 16. dxe5 Qe7 17. Qc2 c5 18. b4 Nac4 19. Nh5 Rhg8 20. Nf4 cxb4 21. Ng6 Qf7 22. cxb4 Bxb5 23. axb5 Kb8 24. Nf4 Qd7 25. Qg6 Qxb5 26. Nd3 Qd7 27. h4 Rgf8 28. Be3 Nxe3 29. Rxe3 Qf7 30. Qg4 Qe7 31. Rg3 Rf7 32. h5 Nc4 33. Qd4 b6 34. b5 Rf5 35. Rb1 Rc8 36. f4 Na3 37. Rb3 Nxb5 38. Rxb5 Rc4 39. Qb2 Rxh5 40. Qe2 Rf5 41. Rb1 g5 42. fxg5 hxg5 43. Rf1 Re4 44. Qd2 Rxf1+ 45. Kxf1 g4 46. Qf2 Kc7 47. Kg1 Kd7 48. Qa2 Kd8 49. Qd2 Qh4 50. Qf2 Qh6 51. Qf7 Ra4 52. Qf1 Ke7 53. Nf2 Qg5 54. Nxg4 Rc4 55. Qf3 Rf4 56. Qa3+ Kf7 57. Qxa7+ Kg6 58. Nf6 1-0

[Event "New Delhi Parsvnath op 6th"]
[Site "New Delhi"]
[Date "2008.01.15"]
[Round "4"]
[White "Roy, Prantik"]
[Black "Singh, Gurpreetpal"]
[Result "0-1"]
[WhiteElo "2037"]
[BlackElo "2292"]
[PlyCount "48"]
[EventDate "2008.01.13"]
[EventType "swiss"]
[EventRounds "10"]
[EventCountry "IND"]
[SourceTitle "CBM 122 Extra"]
[Source "ChessBase"]
[SourceDate "2008.03.04"]
[SourceVersion "1"]
[SourceVersionDate "2008.03.04"]
[SourceQuality "1"]

1. d4 c5 2. d5 Nf6 3. Nf3 g6 4. Nc3 d6 5. e4 Bg7 6. Bc4 0-0 7. h3 b5 8. Bxb5 Nxe4 9. Nxe4 Qa5+ 10. Nfd2 Qxb5 11. c4 Qa6 12. Nc3 Nd7 13. Qe2 Re8 14. 0-0 Bxc3 15. bxc3 Nb6 16. Re1 Qa4 17. Qf3 Bf5 18. g4 Bd7 19. Qg3 Nxc4 20. Re4 Qd1+ 21. Nf1 Qxd5 22. f3 Bc6 23. Qf4 Ne5 24. Bb2 Nxf3+ 0-1

[Event "Commonwealth-ch"]
[Site "New Delhi"]
[Date "2007.12.09"]
[Round "9"]
[White "Singh, Gurpreetpal"]
[Black "Swayams, Mishra"]
[Result "1/2-1/2"]
[WhiteElo "2292"]
[BlackElo "2187"]
[PlyCount "144"]
[EventDate "2007.12.03"]
[EventType "swiss"]
[EventRounds "10"]
[EventCountry "IND"]
[SourceTitle "CBM 121 Extra"]
[Source "ChessBase"]
[SourceDate "2008.01.10"]
[SourceVersion "1"]
[SourceVersionDate "2008.01.10"]
[SourceQuality "1"]

1. e4 e5 2. Nf3 Nc6 3. Bc4 Nf6 4. Ng5 d5 5. exd5 Na5 6. Bb5+ c6 7. dxc6 bxc6 8. Qf3 Rb8 9. Be2 h6 10. Ne4 Nd5 11. 0-0 g6 12. Re1 Bg7 13. d4 exd4 14. Bf4 Nxf4 15. Qxf4 Be6 16. Nd6+ Kf8 17. Bg4 g5 18. Qf3 Qxd6 19. Bxe6 Rb7 20. Nd2 Be5 21. Nc4 Nxc4 22. Bxc4 Bxh2+ 23. Kh1 Be5 24. Qf5 Re7 25. Re2 Qf6 26. Qh3 Kg7 27. Rae1 Rhe8 28. Bd3 Bd6 29. Rxe7 Rxe7 30. Rxe7 Qxe7 31. g3 Qe1+ 32. Kg2 Qe5 33. b3 Qd5+ 34. Kg1 Be7 35. Qg4 c5 36. Qe2 Bf6 37. Qg4 Qe5 38. Kg2 Qd5+ 39. Kg1 Be7 40. Qe2 Kf8 41. Qg4 Qc6 42. Qf5 Bf6 43. Bc4 Qd6 44. Qe4 Qe7 45. Qh7 Bg7 46. Qf5 Qc7 47. Qf3 Be5 48. Kg2 Kg7 49. Qf5 Qc6+ 50. Kg1 Qf6 51. Qg4 Bd6 52. Qd7 Qe7 53. Qg4 Qe1+ 54. Kg2 Qe5 55. Qd7 Qe7 56. Qg4 Be5 57. Bd3 Qf6 58. Kg1 Bd6 59. Qe4 Be7 60. Qg4 Qe5 61. Kg2 Qd5+ 62. Kg1 Kf6 63. Bc4 Qf5 64. Qxf5+ Kxf5 65. Bxf7 Bd8 66. Kg2 Kf6 67. Bh5 Kf5 68. Kf3 Ba5 69. Ke2 g4 70. Be8 Kg5 71. f4+ gxf3+ 72. Kxf3 h5 1/2-1/2

[Event "Commonwealth-ch"]
[Site "New Delhi"]
[Date "2007.12.05"]
[Round "5"]
[White "Singh, Gurpreetpal"]
[Black "Gagare, Shardul"]
[Result "1/2-1/2"]
[WhiteElo "2292"]
[BlackElo "2080"]
[PlyCount "104"]
[EventDate "2007.12.03"]
[EventType "swiss"]
[EventRounds "10"]
[EventCountry "IND"]
[SourceTitle "CBM 121 Extra"]
[Source "ChessBase"]
[SourceDate "2008.01.10"]
[SourceVersion "1"]
[SourceVersionDate "2008.01.10"]
[SourceQuality "1"]

1. e4 d6 2. d4 Nf6 3. Nc3 g6 4. Be3 c6 5. h3 b5 6. e5 dxe5 7. dxe5 Nfd7 8. f4 Bg7 9. Qf3 b4 10. Ne4 0-0 11. Qf2 Qa5 12. Nf3 Nb6 13. Bd2 Ba6 14. Qc5 Qxc5 15. Nxc5 Bxf1 16. Rxf1 a5 17. a3 bxa3 18. Rxa3 a4 19. Bc3 N8d7 20. Nxd7 Nxd7 21. Ke2 Nb6 22. Rfa1 Rfb8 23. Bd4 Nd5 24. g3 c5 25. Bc3 Nb6 26. Nd2 f6 27. exf6 exf6 28. Ne4 Nc4 29. Rxa4 Rxa4 30. Rxa4 Nxb2 31. Bxb2 Rxb2 32. Rc4 Rb4 33. Rxb4 cxb4 34. Kd3 f5 35. Nf2 Bc3 36. Ke2 Kg7 37. Nd1 Bd4 38. Kd3 Bg1 39. Ke2 Bd4 40. Ne3 Kf7 41. Kd3 Bc3 42. Nd5 Be1 43. Kc4 h6 44. Nxb4 Bxg3 45. Nd3 g5 46. Kd4 Kf6 47. Ke3 g4 48. hxg4 fxg4 49. c4 h5 50. c5 Ke6 51. c6 Kd6 52. Ke4 Bxf4 1/2-1/2

[Event "Hyderabad op 1st"]
[Site "Hyderabad"]
[Date "2006.03.05"]
[Round "10"]
[White "Singh, Gurpreetpal"]
[Black "Roktim, Bandyopadhyay"]
[Result "1/2-1/2"]
[WhiteElo "2276"]
[BlackElo "2383"]
[PlyCount "89"]
[EventDate "2006.02.25"]
[EventType "swiss"]
[EventRounds "10"]
[EventCountry "IND"]
[SourceTitle "CBM 111 Extra"]
[Source "ChessBase"]
[SourceDate "2006.05.09"]
[SourceVersion "1"]
[SourceVersionDate "2006.05.09"]
[SourceQuality "1"]

1. e4 g6 2. d4 d6 3. Nc3 a6 4. Be3 b5 5. Qd2 Bb7 6. f3 Bg7 7. 0-0-0 Nd7 8. h4 h5 9. Nh3 Rc8 10. Ng5 c5 11. dxc5 Nxc5 12. Kb1 Qa5 13. Bd4 Nf6 14. a3 0-0 15. Nd5 Qd8 16. Nxf6+ exf6 17. Nh3 Ne6 18. Be3 f5 19. exf5 Qf6 20. c3 Qxf5+ 21. Bd3 Qf6 22. Ng5 Bc6 23. Nxe6 Qxe6 24. Rhe1 Qd7 25. Bc2 Rfe8 26. Bf4 d5 27. Be3 Qd8 28. Qf2 Bf6 29. g3 Qd6 30. Bc5 Qc7 31. f4 Rxe1 32. Rxe1 Re8 33. Bd4 Rxe1+ 34. Qxe1 Qe7 35. Qxe7 Bxe7 36. Bd1 Kf8 37. Kc2 Ke8 38. Bf3 f5 39. Kd3 Kd7 40. b4 Bd8 41. Ba7 Bf6 42. Bb8 Bxc3 43. Kxc3 d4+ 44. Kxd4 Bxf3 45. Ke5 1/2-1/2

[Event "Hyderabad op 1st"]
[Site "Hyderabad"]
[Date "2006.02.28"]
[Round "5"]
[White "Reefat, Bin Sattar"]
[Black "Singh, Gurpreetpal"]
[Result "1-0"]
[WhiteElo "2478"]
[BlackElo "2276"]
[PlyCount "55"]
[EventDate "2006.02.25"]
[EventType "swiss"]
[EventRounds "10"]
[EventCountry "IND"]
[SourceTitle "CBM 111 Extra"]
[Source "ChessBase"]
[SourceDate "2006.05.09"]
[SourceVersion "1"]
[SourceVersionDate "2006.05.09"]
[SourceQuality "1"]

1. e4 e6 2. d4 d5 3. e5 c5 4. c3 Qb6 5. Nf3 Nc6 6. a3 f6 7. Bd3 c4 8. Bc2 Bd7 9. Nbd2 Nge7 10. b3 cxb3 11. Nxb3 Ng6 12. h4 Qc7 13. h5 Nge7 14. Qe2 fxe5 15. dxe5 h6 16. 0-0 Na5 17. Nxa5 Qxa5 18. Rb1 0-0-0 19. Bd2 Qc7 20. a4 Nc6 21. c4 d4 22. Be4 Bc5 23. Ne1 Qxe5 24. Nd3 Qd6 25. Bf4 Qe7 26. Nxc5 Qxc5 27. Rb5 Qa3 28. Bxc6 1-0